书目信息 |
| 题名: |
苏东坡
|
|
| 作者: | 秦永龙 主编 ;杨频 编著 | |
| 分册: | ||
| 出版信息: | 太原 山西教育出版社 2006 |
|
| 页数: | 123页 | |
| 开本: | 22cm | |
| 丛书名: | 中国艺术大师图文馆 | |
| 单 册: | ||
| 中图分类: | J292.112.5 , K825.6=441 , K825.6 | |
| 科图分类: | ||
| 主题词: | 书法 , 美术批评 | |
| 电子资源: | ||
| ISBN: | 7-5440-3011-3 | |
| 000 | 01096oam2 2200337 450 | |
| 001 | 003106347 | |
| 005 | 20070806181421.50 | |
| 010 | @a7-5440-3011-3@dCNY22.00 | |
| 100 | @a20060104d2006 em y0chiy0110 ea | |
| 101 | 0 | @achi |
| 102 | @aCN@b140000 | |
| 105 | @aa z 000yb | |
| 200 | 1 | @a苏东坡@9su dong po@f秦永龙主编@g杨频编著 |
| 210 | @a太原@c山西教育出版社@d2006 | |
| 215 | @a123页@c图@d22cm | |
| 225 | 2 | @a中国艺术大师图文馆 |
| 300 | @a读图时代 | |
| 330 | @a本书描述了苏东坡的生平事迹,及他极高的书法、文学艺术成就。全书包括眉山苏氏声名远、雏凤一鸣苏子瞻、致君尧舜初涉仕、纵笔高歌语关禅、诗文天赋遗人间等,并附有苏东坡年谱。 | |
| 461 | 0 | @12001 @a中国艺术大师图文馆 |
| 600 | 0 | @a苏轼@f(1036~1101)@x生平事迹 |
| 600 | 0 | @a苏轼@f(1036~1101) |
| 600 | 0 | @a苏轼@f(1036~1101)@x书法@x美术批评 |
| 606 | 0 | @a书法 |
| 606 | 0 | @a美术批评 |
| 690 | @aJ292.112.5@v4 | |
| 690 | @aK825.6=441@v4 | |
| 690 | @aK825.6@v3 | |
| 701 | 0 | @a秦永龙@9qin yong long@f(1943~)@4主编 |
| 702 | 0 | @a杨频@9yang pin@c(文学)@4编著 |
| 801 | 0 | @aCN@bNLC@c20070806 |
| 905 | @a10447@dK825.6@e77QY | |
| 苏东坡/秦永龙主编/杨频编著.-太原:山西教育出版社,2006 |
| 123页:图;22cm.-(中国艺术大师图文馆) |
| 读图时代 |
| ISBN 7-5440-3011-3:CNY22.00 |
| 本书描述了苏东坡的生平事迹,及他极高的书法、文学艺术成就。全书包括眉山苏氏声名远、雏凤一鸣苏子瞻、致君尧舜初涉仕、纵笔高歌语关禅、诗文天赋遗人间等,并附有苏东坡年谱。 |
| ● |
| 相关链接 |
|
|
|
|
正题名:苏东坡
索取号:K825.6/77QY
 
预约/预借
| 序号 | 登录号 | 条形码 | 馆藏地/架位号 | 状态 | 备注 |
| 1 | 0805157 | 208051579 | 第二样本阅览室/ [索取号:K825.6/77QY] | 在馆 | |
| 2 | 0805158 | 208051588 | 密集书库/ [索取号:K825.6/77QY] | 在馆 | |
| 3 | 0805159 | 208051597 | 第二借阅区/ [索取号:K825.6/77QY] | 在馆 | |
| 4 | 0805160 | 208051604 | 密集书库/ [索取号:K825.6/77QY] | 在馆 | |
| 5 | 0805161 | 208051613 | 第二借阅区/ [索取号:K825.6/77QY] | 在馆 | |
| 6 | 0805162 | 208051622 | 密集书库/ [索取号:K825.6/77QY] | 在馆 | |
| 7 | 0805163 | 208051631 | 密集书库/ [索取号:K825.6/77QY] | 在馆 | |
| 8 | 0805164 | 208051640 | 第二借阅区/ [索取号:K825.6/77QY] | 在馆 | |
| 9 | 0805165 | 208051659 | 第二借阅区/ [索取号:K825.6/77QY] | 在馆 | |
| 10 | 0805166 | 208051668 | 第二借阅区/ [索取号:K825.6/77QY] | 在馆 |